Millman's pulse, digital, and switching waveforms / (Record no. 54131)

MARC details
000 -LEADER
fixed length control field 01102nam a22003017a 4500
005 - DATE AND TIME OF LATEST TRANSACTION
control field 20110721103015.0
008 - FIXED-LENGTH DATA ELEMENTS--GENERAL INFORMATION
fixed length control field 110721t xxu||||| |||| 00| 0 eng d
010 ## - LCCN (DPL NO)
LC control number ENG-103078
020 ## - INTERNATIONAL STANDARD BOOK NUMBER
International Standard Book Number 9780071072724
Terms of availability 450.00
020 ## - INTERNATIONAL STANDARD BOOK NUMBER
International Standard Book Number 00710772721
Terms of availability 450.00
035 ## - SYSTEM CONTROL NUMBER
System control number EN-86611
037 ## - SOURCE OF ACQUISITION
Source of stock number/acquisition DBAD/PUB
040 ## - CATALOGING SOURCE
Original cataloging agency DPL
Language of cataloging Eng
082 ## - DEWEY DECIMAL CLASSIFICATION NUMBER
Classification number 621.3815
100 ## - MAIN ENTRY--PERSONAL NAME
Personal name Millman, Jacob
9 (RLIN) 29762
Dates associated with a name 1911-
245 ## - TITLE STATEMENT
Title Millman's pulse, digital, and switching waveforms /
Statement of responsibility, etc by Jacob Millman, Herbert Taub [and] Suryapraksh Rao Mothiki
250 ## - EDITION STATEMENT
Edition statement 3rd ed
260 ## - PUBLICATION, DISTRIBUTION, ETC. (IMPRINT)
Place of publication, distribution, etc New Delhi
Name of publisher, distributor, etc Tata McGraw Hill
Date of publication, distribution, etc 2011
270 ## - ADDRESS
Address 7, West Petel Nagar
City New Delhi
Postal code 110008
300 ## - PHYSICAL DESCRIPTION
Extent xxiii,632p. :
Dimensions 24cm (pbk)
Other physical details ill.
500 ## - GENERAL NOTE
General note Includes bibliographical references and index
610 ## - SUBJECT ADDED ENTRY--CORPORATE NAME
9 (RLIN) 29771
650 ## - SUBJECT ADDED ENTRY--TOPICAL TERM
9 (RLIN) 29772
700 ## - ADDED ENTRY--PERSONAL NAME
9 (RLIN) 29763
Personal name Taub, Herbert
700 ## - ADDED ENTRY--PERSONAL NAME
Personal name Mothiki, Suryaprakash Rao
9 (RLIN) 29786
942 ## - ADDED ENTRY ELEMENTS (KOHA)
Source of classification or shelving scheme Dewey Decimal Classification
Item type English Books
Call number suffix MIL
Classification part 621.3815
Holdings
Withdrawn status Lost status Source of classification or shelving scheme Damaged status Not for loan Collection code Home library Current library Date acquired Source of acquisition Cost, normal purchase price Total Checkouts Full call number Barcode Date last seen Copy number Cost, replacement price Koha item type
    Dewey Decimal Classification     Non-fiction Patel Nagar Patel Nagar 21/07/2011 DBAD/PUB 450.00   621.3815 MIL EN-86611 21/07/2011 1 450.00 English Books

© Delhi Public Library
Hit Counter
free hit counter